00451nam a2200157 a 45000010005000000030009000050080041000140400028000550820015000831000027000982450029001252600045001543000015001994900051002146500028002653844CO-ViMGA141112s2004 ck r 000 u spa d aCO-ViMGAbspacCO-ViMGA04a720.9 B1771 aBassegoda nonell, Juan10aHistoria de arquitectura aBarcelona : bTecnicos asociados, c1976 a348 p : il aHistoria de la arquitectura y del urbanismo, 614aARQUITECTURA - HISTORIA